000 01146cam a2200265 a 4500
999 _c6144
_d6144
001 12040190
003 OSt
005 20180913091148.0
008 000614s2000 nyu b 001 0 eng
010 _a 00056056
020 _a0873527577 (cl.)
020 _a0873527585 (pbk.)
040 _aDLC
_cDLC
_dDLC
050 0 0 _aPR2831
_b.A89 2000
082 0 0 _a822/.3/3
_221
245 0 0 _a Romeo and Juliet /
_cedited by jil L. Levenson
260 _aNew York :
_bModern Language Association of America,
_c2000.
300 _avii, 219 p. ;
_c24 cm.
440 0 _aApproaches to teaching world literature,
_x1059-1133
504 _aIncludes bibliographical references and index.
600 1 0 _aShakespeare, William,
_d1564-1616.
_tRomeo and Juliet.
600 1 0 _aShakespeare, William,
_d1564-1616
_xStudy and teaching.
700 1 _aHunt, Maurice,
_d1942-
906 _a7
_bcbc
_corignew
_d1
_eocip
_f20
_gy-gencatlg
942 _2lcc
_cOS
_hPR2831.A89